A comparative study of different isolates of VAM on growth, nutrient uptake and biochemical constituents of Pueraria phaseoloides Benth. (Record no. 52555)

MARC details
000 -LEADER
fixed length control field 00534nam a2200157Ia 4500
100 ## - MAIN ENTRY--AUTHOR NAME
Personal name Joseph K.[a]
245 #2 - TITLE STATEMENT
Title A comparative study of different isolates of VAM on growth, nutrient uptake and biochemical constituents of Pueraria phaseoloides Benth.
260 ## - PUBLICATION, DISTRIBUTION, ETC. (IMPRINT)
Name of publisher National Conference on Mycorrhiza, 1999, Bhopal, India
Year of publication 1999
650 ## - SUBJECT ADDED ENTRY--TOPICAL TERM
Topical Term Pueraria phaseoloides
650 ## - SUBJECT ADDED ENTRY--TOPICAL TERM
Topical Term Rock phosphate
650 ## - SUBJECT ADDED ENTRY--TOPICAL TERM
Topical Term VAM
700 ## - ADDED ENTRY--PERSONAL NAME
Personal name Kothandaraman R.
700 ## - ADDED ENTRY--PERSONAL NAME
Personal name Mathew J.
942 ## - ADDED ENTRY ELEMENTS (KOHA)
Koha item type Bibliography STAF
Holdings
Withdrawn status Lost status Damaged status Not for loan Home library Current library Date acquired Koha item type
      Bibliography RRII Library RRII Library 09/04/2014 Bibliography STAF